Theory of Machines (Record no. 10692)

MARC details
000 -LEADER
fixed length control field 00374nam a22001697a 4500
003 - CONTROL NUMBER IDENTIFIER
control field OSt
008 - FIXED-LENGTH DATA ELEMENTS--GENERAL INFORMATION
fixed length control field 210703b ||||| |||| 00| 0 eng d
020 ## - INTERNATIONAL STANDARD BOOK NUMBER
International Standard Book Number 9788131729656
082 ## - DEWEY DECIMAL CLASSIFICATION NUMBER
Classification number 621.8 BET
100 ## - MAIN ENTRY--PERSONAL NAME
Personal name BEVAN,Thomas
245 ## - TITLE STATEMENT
Title Theory of Machines
250 ## - EDITION STATEMENT
Edition statement 3rd
260 ## - PUBLICATION, DISTRIBUTION, ETC. (IMPRINT)
Place of publication, distribution, etc New Delhi
Name of publisher, distributor, etc Pearson
Date of publication, distribution, etc 2020
300 ## - PHYSICAL DESCRIPTION
Extent 621
650 ## - SUBJECT ADDED ENTRY--TOPICAL TERM
Topical term or geographic name as entry element DE
942 ## - ADDED ENTRY ELEMENTS (KOHA)
Source of classification or shelving scheme Dewey Decimal Classification
Koha item type Text Books
650 ## - SUBJECT ADDED ENTRY--TOPICAL TERM
-- 3
942 ## - ADDED ENTRY ELEMENTS (KOHA)
-- 1
Holdings
Withdrawn status Lost status Source of classification or shelving scheme Damaged status Not for loan Collection code Home library Current library Date acquired Source of acquisition Currency Cost, normal purchase price Bill Number Total Checkouts Full call number Acc. no. / Barcode Date last seen Actual Cost, discounted price Bill Date Koha item type Date last borrowed
    Dewey Decimal Classification     Diploma in Mechanical PIET C-LIBRARY PIET C-LIBRARY 14/06/2021 Kirti Praskshan IN Rupees 689.00 IN2138   621.8 BET DE1409 03/07/2021 475.41 14/06/2021 Text Books  
    Dewey Decimal Classification     Diploma in Mechanical PIET C-LIBRARY PIET C-LIBRARY 14/06/2021 Kirti Praskshan IN Rupees 689.00 IN2138 1 621.8 BET DE1410 04/03/2022 475.41 14/06/2021 Text Books 17/02/2022
    Dewey Decimal Classification     Diploma in Mechanical PIET C-LIBRARY PIET C-LIBRARY 14/06/2021 Kirti Praskshan IN Rupees 689.00 IN2138   621.8 BET DE1411 03/07/2021 475.41 14/06/2021 Text Books  

Design & Developed by: PIET Central Library
R70 Miles Stone Pattikalyana Samalkha Panipat 132102
mail ID :- [email protected], Phone No:- 0180-2569700 Ex.216